00193nam a2200085Ia 4500008004100000100001700041245002200058260001800080260000900098180219s9999 xx 000 0 und d aNerash Kumar 0aJanskhya Shikshan aR Lall Meerut c2013